1023 1173 1282 1350 1837 1197 1988 1271 1394 1846 1411 1586 1670 1072 1786 1114 1670 1575 1901 2000 1977 1176 1485 1135 1189 1854 1764 1146 1050 1876 1488 1646 1278 1111 1146 1916 1307 1086 1541 1671 1202 1330 1965 1400 1695 1851 1265 1341 1718 1722 1563 1987 1730 1663 1294 1000 1858 1463 1806 1836 1138 1684 1183 1947 1478 1764 1306 1912 1824 1307 1908 1614 1638 1587 1941 1945 1109 1484 1654 1192 1099 1173 1707 1442 1659 1648 1056 1330 1339 1137 1339 1360 1711 1741 1274 1498 1889 1779 1756 BCNSPRNW ULIB Ver.6.0+V

เปลี่ยนเป็นภาษาไทย

Change to English
 แสดงรายละเอียดบรรณานุกรม
  กลับหน้าหลัก

Brief Record : Get Marc (ISO 2709) : E-mail record : QR code < ปิดหน้าต่าง
LEADER : 00000nam 2200000uu 4500
001    13399111776
003     ULIB
008    110627s2551||||th 000 0 tha d
020    9789749753910
090    นว.^bL111ซ 2551
100 0  Lucky Lady_Aon
245 00 ซุปเปอร์บอยสุดเฮี้ยว VS ยัยเซี้ยวสุดแสบ/^cLucky Lady_Aon
250    พิมพ์ครั้งที่ 1
260    กรุงเทพฯ :^bSugar rian,^c2551
300    191 หน้า
945    ^p149^l0^i024469
995    ทศพร
999 ^a ใช้งานได้ทุกระบบ
รายการนี้ยังไม่มีแท็ก
คุณยังไม่ได้ล็อกอิน คุณสามารถมีกิจกรรมร่วมกับเว็บไซต์ได้ แต่ต้องล็อกอินก่อน ::
  ล็อกอิน

รายการสื่อสารสนเทศ

ลำดับที่ ประเภท เลขเรียก/บาร์โค้ด สถานที่ สถานะ
1. นวนิยาย
นวนิยาย
นว. L111ซ 2551 ฉ.1 
  Barcode: 024469
ห้องสมุดวิทยาเขตสวรรค์ประชารักษ์
►นวนิยาย
บนชั้น
  ขอยืม

BibComment


ยังไม่เคยถูกคอมเมนท์

คอมเมนท์ทรัพยากรรายการนี้
  คอมเมนท์: ซุปเปอร์บอยสุดเฮี..


 Copyright 2026. Bcnsprnw @Library